00514 a2200157 450000500170000000800410001701000140005802000110007203500130008303700150009608200100011124501060012126000570022727000470028430000250033120080908154416.0080908t xxu||||| |||| 00| 0 eng d aENG-87676 c235.00 aEN-71209 bDBAD / PUB a880.8 aIndian writing in English : recent trends and concernscedited by S. Ravilndranathan and P.K. Kalyani aTirunelvelibManonmaniam Sundaranar Universityc2006 aPublication DivisionbTirunelvelie627 012 a359 p.c22 cm ( Pbk)